<?xml version="1.0" encoding="UTF-8"?>
<record
    xmlns:xsi="http://www.w3.org/2001/XMLSchema-instance"
    xsi:schemaLocation="http://www.loc.gov/MARC21/slim http://www.loc.gov/standards/marcxml/schema/MARC21slim.xsd"
    xmlns="http://www.loc.gov/MARC21/slim">

  <leader>04346njm a2200529Ia 4500</leader>
  <controlfield tag="001">40440</controlfield>
  <controlfield tag="003">IT-RoPAU</controlfield>
  <controlfield tag="005">20220918181133.0</controlfield>
  <controlfield tag="008">131025s9999    xx            000 0 und d</controlfield>
  <datafield tag="040" ind1=" " ind2=" ">
    <subfield code="a">IT-RoPAU</subfield>
  </datafield>
  <datafield tag="040" ind1=" " ind2=" ">
    <subfield code="c">IT-RoPAU</subfield>
  </datafield>
  <datafield tag="999" ind1=" " ind2=" ">
    <subfield code="c">100750</subfield>
    <subfield code="d">100750</subfield>
  </datafield>
  <datafield tag="999" ind1=" " ind2=" ">
    <subfield code="b">n.d.</subfield>
  </datafield>
  <datafield tag="100" ind1=" " ind2=" ">
    <subfield code="a">AA.VV.</subfield>
    <subfield code="9">794</subfield>
  </datafield>
  <datafield tag="100" ind1=" " ind2=" ">
    <subfield code="e">Autore musica</subfield>
    <subfield code="9">21412</subfield>
  </datafield>
  <datafield tag="100" ind1=" " ind2=" ">
    <subfield code="g">Codice autore musica SPICS: 12000</subfield>
    <subfield code="9">796</subfield>
  </datafield>
  <datafield tag="245" ind1=" " ind2=" ">
    <subfield code="a">Jazz. Gli uomini, gli strumenti, gli stili 34</subfield>
  </datafield>
  <datafield tag="250" ind1=" " ind2=" ">
    <subfield code="a">2a ed.</subfield>
  </datafield>
  <datafield tag="260" ind1=" " ind2=" ">
    <subfield code="a">MILANO</subfield>
  </datafield>
  <datafield tag="260" ind1=" " ind2=" ">
    <subfield code="b">FRATELLI FABBRI EDITORI</subfield>
    <subfield code="c">1986 [1a Ed.:1986]</subfield>
  </datafield>
  <datafield tag="300" ind1=" " ind2=" ">
    <subfield code="a">MUSICASSETTA</subfield>
  </datafield>
  <datafield tag="300" ind1=" " ind2=" ">
    <subfield code="c">44 minuti (Testo:  pag.)</subfield>
  </datafield>
  <datafield tag="500" ind1=" " ind2=" ">
    <subfield code="a">Musica jazz</subfield>
  </datafield>
  <datafield tag="505" ind1=" " ind2=" ">
    <subfield code="a">Midnight Mama [(Chicago, ottobre 1926) (4:00)] - The Chant [(Chicago, 15.8.1926) (4:00)] - Kansas City Stomp [(New York, 11.1.1928) (3:00)] - Mississippi Mildred [(New York, 13.11.1929) (4:00)] - Primrose Stomp [(New York, 2.6.1930) (3:00)] - Low Gravy [(New York, 14.7.1930) (3:00)] - Harmony Blues [(New York, 19.3.1930) (4:00)] - Winnin' Boy Blues [(New York, 14.9.1939) (4:00)] - Ballin' the Jack [(New York, 28.9.1939) (4:00)] - Climax Rag [(New York, 28.9.1939) (3:00)] - High Society [(New York, 14.9.1939) (3:00)] - West End Blues [(New York, 28.9.1939) (3:00)] - Oh, Didn't He Ramble [(New York, 14.9.1939) (2:00)]</subfield>
  </datafield>
  <datafield tag="511" ind1=" " ind2=" ">
    <subfield code="a">Morton Jelly Roll: p (solo)</subfield>
  </datafield>
  <datafield tag="511" ind1=" " ind2=" ">
    <subfield code="a">Mitchell George: c; Ory Kid: tbne; Simeon Omer: cl; Morton Jelly Roll: p; Cyr Johnny St: bjo; Lindsay John: cb; Hilaire Andrew: batt; Jelly Roll Morton's Red Hot Peppers</subfield>
  </datafield>
  <datafield tag="511" ind1=" " ind2=" ">
    <subfield code="a">Pinkett Ward: tr; Fields Geechie: tbne; Simeon Omer: cl; Morton Jelly Roll: p; Blair Lee: bjo; Benford Bill: tu; Benford Tommy: batt; Jelly Roll Morton's Red Hot Peppers</subfield>
  </datafield>
  <datafield tag="511" ind1=" " ind2=" ">
    <subfield code="a">Allen Henry Red: tr; Higginbotham J.C.: tbne; Nicholas Albert: cl; Morton Jelly Roll: p; Johnson Will: chit; Foster Pops: cb; Barbarin Paul: batt; Jelly Roll Morton's Red Hot Peppers</subfield>
  </datafield>
  <datafield tag="511" ind1=" " ind2=" ">
    <subfield code="a">Pinkett Ward: tr; Sconosciuto: tr; Fields Geechie: tbne; Scarpa Eddie: cl; Thomas Joe: alto; Thomas Walter: cl, tne, bar; Morton Jelly Roll: p; Blair Lee: bjo; Taylor Billy: tu; Cole Cozy: batt; Jelly Roll Morton's Red Hot Peppers</subfield>
  </datafield>
  <datafield tag="511" ind1=" " ind2=" ">
    <subfield code="a">Pinkett Ward: tr; Fields Geechie: tbne; Nicholas Albert: cl; Morton Jelly Roll; Phill Howard: chit; Briggs Pete: tu; Benford Tommy: batt; Jelly Roll Morton's Red Hot Peppers</subfield>
  </datafield>
  <datafield tag="511" ind1=" " ind2=" ">
    <subfield code="a">Pinkett Ward: tr; Miley Bubber: tr; De Paris Wilbur: tbne; Bullock Ernie: cl; Morton Jelly Roll: p; Musicista Sconosciuto: bjo; Addison Bernard: chit; Benford Bill: tu; Benford Tommy: batt</subfield>
  </datafield>
  <datafield tag="511" ind1=" " ind2=" ">
    <subfield code="a">De Paris Sidney: tr; Jones Claude: tbne; Nicholas Albert: cl; Bechet Sidney: ss; Caldwell Happy: ten; Morton Jelly Roll: p, voc; Lucie Lawrence: chit; Braud Wellman: cb; Singleton Zutty: batt; Jelly Roll Morton's New Orleans Jazzmen</subfield>
  </datafield>
  <datafield tag="511" ind1=" " ind2=" ">
    <subfield code="a">De Paris Sidney: tr; Robinson Fred: tbne; Nicholas Albert: cl; Caldwell Happy: ten; Morton Jelly Roll: p, voc; Lucie Lawrence: chit; Braud Wellman: cb; Singleton Zutty: batt; Jelly Roll Morton's New Orleans Jazzmen</subfield>
  </datafield>
  <datafield tag="650" ind1=" " ind2=" ">
    <subfield code="a">JAZZ [CASSETTE]</subfield>
    <subfield code="e">Codice MATERIA SPICS: 9951</subfield>
    <subfield code="9">1831</subfield>
  </datafield>
  <datafield tag="700" ind1=" " ind2=" ">
    <subfield code="a">Morton Jelly Roll</subfield>
    <subfield code="d">Codice interprete SPICS: 10672</subfield>
    <subfield code="e">Interprete</subfield>
    <subfield code="9">21413</subfield>
  </datafield>
  <datafield tag="700" ind1=" " ind2=" ">
    <subfield code="a">Morton Jelly Roll</subfield>
    <subfield code="d">Codice autore musica SPICS: 10672</subfield>
    <subfield code="e">Autore musica</subfield>
    <subfield code="p">Midnight Mama - Kansas City Stomp - Mississippi Mildred - Primrose Stomp - Low Gravy - Harmony Blues </subfield>
    <subfield code="9">21414</subfield>
  </datafield>
  <datafield tag="700" ind1=" " ind2=" ">
    <subfield code="a">Slitzel Mel</subfield>
    <subfield code="d">Codice autore musica SPICS: 20349</subfield>
    <subfield code="e">Autore musica</subfield>
    <subfield code="p">The Chant</subfield>
    <subfield code="9">21415</subfield>
  </datafield>
  <datafield tag="700" ind1=" " ind2=" ">
    <subfield code="a">Anonimo</subfield>
    <subfield code="d">Codice autore musica SPICS: 2620</subfield>
    <subfield code="e">Autore musica</subfield>
    <subfield code="p">Winnin' Boy Blues</subfield>
    <subfield code="9">21416</subfield>
  </datafield>
  <datafield tag="700" ind1=" " ind2=" ">
    <subfield code="a">Sith</subfield>
    <subfield code="d">Codice autore musica SPICS: 20350</subfield>
    <subfield code="e">Autore musica</subfield>
    <subfield code="9">21417</subfield>
  </datafield>
  <datafield tag="700" ind1=" " ind2=" ">
    <subfield code="a">Burris</subfield>
    <subfield code="d">Codice autore SPICS: 20200</subfield>
    <subfield code="e">Autore</subfield>
    <subfield code="p">Ballin' the Jack</subfield>
    <subfield code="9">21418</subfield>
  </datafield>
  <datafield tag="700" ind1=" " ind2=" ">
    <subfield code="a">Scott B.</subfield>
    <subfield code="d">Codice autore musica SPICS: 15525</subfield>
    <subfield code="e">Autore musica</subfield>
    <subfield code="p">Climax Rag</subfield>
    <subfield code="9">21419</subfield>
  </datafield>
  <datafield tag="700" ind1=" " ind2=" ">
    <subfield code="a">Williams</subfield>
    <subfield code="d">Codice autore musica SPICS: 20150</subfield>
    <subfield code="e">Autore musica</subfield>
    <subfield code="p">High Society - West End Blues</subfield>
    <subfield code="9">21420</subfield>
  </datafield>
  <datafield tag="700" ind1=" " ind2=" ">
    <subfield code="a">Picou Alphonse</subfield>
    <subfield code="d">Codice autore SPICS: 16318</subfield>
    <subfield code="e">Autore</subfield>
    <subfield code="p">High Society</subfield>
    <subfield code="9">21421</subfield>
  </datafield>
  <datafield tag="700" ind1=" " ind2=" ">
    <subfield code="a">Oliver Joe (King)</subfield>
    <subfield code="d">Codice autore SPICS: 10763</subfield>
    <subfield code="e">Autore</subfield>
    <subfield code="p">West End Blues</subfield>
    <subfield code="9">21422</subfield>
  </datafield>
  <datafield tag="700" ind1=" " ind2=" ">
    <subfield code="a">Handy William Christopher</subfield>
    <subfield code="d">Codice autore musica SPICS: 10730</subfield>
    <subfield code="e">Autore musica</subfield>
    <subfield code="p">Oh, Didn't He Ramble</subfield>
    <subfield code="9">21423</subfield>
  </datafield>
  <datafield tag="700" ind1=" " ind2=" ">
    <subfield code="a">Randall Richard S.</subfield>
    <subfield code="d">Codice autore SPICS: 6955</subfield>
    <subfield code="e">Autore</subfield>
    <subfield code="p">Oh, Didn't He Ramble</subfield>
    <subfield code="9">21424</subfield>
  </datafield>
  <datafield tag="942" ind1=" " ind2=" ">
    <subfield code="c">MC</subfield>
    <subfield code="2">ddc</subfield>
  </datafield>
  <datafield tag="952" ind1=" " ind2=" ">
    <subfield code="0">0</subfield>
    <subfield code="1">0</subfield>
    <subfield code="4">0</subfield>
    <subfield code="6">40440_000000000000000</subfield>
    <subfield code="7">1</subfield>
    <subfield code="a">SPICS</subfield>
    <subfield code="b">SPICS</subfield>
    <subfield code="d">2013-10-25</subfield>
    <subfield code="l">0</subfield>
    <subfield code="o">40440</subfield>
    <subfield code="r">2013-10-25 00:00:00</subfield>
    <subfield code="w">2013-10-25</subfield>
    <subfield code="y">MC</subfield>
    <subfield code="z">Progr. Ins.: 14237 / N.Vol.: 1 / Copie: 1 - Copia rara: n.d. / date import: 01.01.2014 - By Epidotti, Trombetti, Vaglietti</subfield>
  </datafield>
</record>
